[Event "Amagermesterskabet Gruppe 3 2014"]
[Site "Sundbyoster"]
[Date "2014.08.19"]
[Round "1"]
[White "Kinch, Peder"]
[Black "Mathiesen, Bjarne"]
[Result "0-1"]
[WhiteElo "1269"]
[BlackElo "1417"]
[PlyCount "82"]
[EventDate "2014.??.??"]

1. f4 Nf6 2. e3 d5 3. Nf3 Nc6 4. b3 g6 5. Bb2 Bg7 6. Bd3 O-O 7. O-O Bg4 8. c4
dxc4 9. Bxc4 e6 10. Nc3 a6 11. Rc1 Re8 12. Be2 Nd5 13. Ba1 Qe7 14. Nxd5 exd5
15. Bxg7 Kxg7 16. Qe1 Nb4 17. a3 Bxf3 18. Rxf3 Nc6 19. f5 f6 20. fxg6 hxg6 21.
b4 d4 22. Qf2 Ne5 23. Rg3 dxe3 24. Rxe3 Qd6 25. Rec3 c6 26. d3 Rh8 27. h3 Rad8
28. Rd1 Qd4 29. Qxd4 Rxd4 30. Kf2 Rhd8 31. Ke3 R4d6 32. Kd2 b5 33. Kc2 Nd7 34.
Rd2 Nb6 35. Kb3 Nd5 36. Rc1 Re8 37. a4 Nf4 38. Bf3 Nxd3 39. Rxc6 Rxc6 40. Bxc6
Ne5 41. Kc2 Nxc6 0-1

[Event "Amagermesterskabet Gruppe 3 2014"]
[Site "Sundbyoster"]
[Date "2014.08.19"]
[Round "1"]
[White "Gade, Jens"]
[Black "Jensen, Jonbert"]
[Result "0-1"]
[WhiteElo "1327"]
[BlackElo "1349"]
[PlyCount "100"]
[EventDate "2014.??.??"]

1. f4 d5 2. Nf3 Nf6 3. e3 Bg4 4. Be2 a6 5. b3 g6 6. Bb2 Bg7 7. O-O O-O 8. d3
Nc6 9. Nbd2 Nh5 10. Bxg7 Kxg7 11. c4 Nf6 12. h3 Bc8 13. Ne5 Qd6 14. cxd5 Nxe5
15. fxe5 Qxe5 16. e4 Qg5 17. Rf3 Nh5 18. g4 Nf4 19. Nf1 Qf6 20. Rc1 Qd6 21. Qd2
Nxe2+ 22. Qxe2 e5 23. Nd2 b5 24. Rc6 Qe7 25. Rff6 Bb7 26. d6 Qxf6 27. Rxc7 Qxd6
28. Rxb7 Rac8 29. Nf3 Rc7 30. Rxc7 Qxc7 31. Qb2 f6 32. d4 exd4 33. Nxd4 Qe5 34.
Qf2 Qxe4 35. Nf3 Rc8 36. Nd2 Qc2 37. Qd4 Qd1+ 38. Kf2 Re8 39. Qd7+ Kf8 40. Qd6+
Kg7 41. Qd7+ Kh6 42. Qxe8 Qxd2+ 43. Qe2 Qxe2+ 44. Kxe2 f5 45. Kf3 Kg5 46. a3
fxg4+ 47. hxg4 h5 48. gxh5 gxh5 49. Kg3 a5 50. a4 b4 0-1

[Event "Amagermesterskabet Gruppe 3 2014"]
[Site "Sundbyoster"]
[Date "2014.08.19"]
[Round "1"]
[White "Furberg, Jacob Kjaerulff"]
[Black "Andersen, Peter"]
[Result "1-0"]
[WhiteElo "1313"]
[BlackElo "1377"]
[PlyCount "67"]
[EventDate "2014.??.??"]

1. e4 d6 2. Nf3 Nf6 3. Nc3 e5 4. Bc4 h6 5. d4 Nbd7 6. dxe5 dxe5 7. Qd3 Be7 8.
Nd5 c6 9. Nxe7 Qxe7 10. Bd2 O-O 11. b4 Rd8 12. Qc3 Nxe4 13. Qe3 Nxd2 14. Qxd2
Nb6 15. Qc3 Nxc4 16. Qxc4 Be6 17. Qc3 f6 18. O-O Rd7 19. h3 Rad8 20. Ne1 Rd4
21. Nd3 Bc4 22. Rfd1 Qd6 23. Nb2 Ba6 24. a4 Qe7 25. b5 cxb5 26. axb5 Bxb5 27.
Rxd4 Rxd4 28. Qb3+ Kf8 29. Qxb5 Rb4 30. Qd5 Rxb2 31. Rxa7 g5 32. Ra8+ Qe8 33.
Rxe8+ Kxe8 34. Qe6+ 1-0

[Event "Amagermesterskabet Gruppe 3 2014"]
[Site "Sundbyoster"]
[Date "2014.08.19"]
[Round "1"]
[White "Svensson, John Michael"]
[Black "Brorsen, Kristian"]
[Result "1-0"]
[WhiteElo "1285"]
[BlackElo "1407"]
[PlyCount "83"]
[EventDate "2014.??.??"]

1. d4 d5 2. c4 c6 3. cxd5 cxd5 4. Nc3 Nf6 5. Nf3 Bf5 6. e3 h6 7. Bb5+ Nc6 8.
Ne5 Rc8 9. Qf3 e6 10. O-O Bd6 11. Bxc6+ bxc6 12. h3 c5 13. Nb5 Bb8 14. Qe2 c4
15. Re1 a6 16. Nc3 Nd7 17. f4 Nxe5 18. fxe5 O-O 19. Na4 Bd3 20. Qd2 Bc7 21. Nc5
Ba5 22. b4 Bb6 23. Nxd3 cxd3 24. Qxd3 a5 25. Bd2 Rc4 26. Rec1 Rxc1+ 27. Rxc1
axb4 28. Bxb4 Re8 29. Qb5 Kh7 30. Rc6 Ba7 31. Bd6 Qd7 32. Qa6 Ra8 33. Rc7 Bxd4
34. Qxa8 Bxe3+ 35. Kh2 Qb5 36. Rc2 Qd3 37. Qa4 Qf1 38. Kg3 Qe1+ 39. Kf3 d4 40.
Qc4 Qd1+ 41. Qe2 Qxe2+ 42. Kxe2 1-0

[Event "Amagermesterskabet Gruppe 3 2014"]
[Site "Sundbyoster"]
[Date "2014.08.26"]
[Round "2"]
[White "Jensen, Jonbert"]
[Black "Mathiesen, Bjarne"]
[Result "1-0"]
[WhiteElo "1349"]
[BlackElo "1417"]
[PlyCount "39"]
[EventDate "2014.??.??"]

1. e4 e5 2. Nc3 Nf6 3. Nf3 d6 4. d4 exd4 5. Nxd4 g6 6. Bg5 Bg7 7. Qf3 Be6 8.
O-O-O O-O 9. Nxe6 fxe6 10. e5 h6 11. Bxf6 Bxf6 12. exf6 Rxf6 13. Qxb7 Nd7 14.
Ne4 Rf5 15. Qb3 Re5 16. Qg3 Kg7 17. Bd3 d5 18. Nc5 Kf6 19. Qxg6+ Ke7 20. Qg7+
1-0

[Event "Amagermesterskabet Gruppe 3 2014"]
[Site "Sundbyoster"]
[Date "2014.08.26"]
[Round "2"]
[White "Gade, Jens"]
[Black "Furberg, Jacob Kjaerulff"]
[Result "1-0"]
[WhiteElo "1327"]
[BlackElo "1313"]
[PlyCount "113"]
[EventDate "2014.??.??"]

1. f4 Nc6 2. Nf3 Nf6 3. e3 d5 4. Be2 d4 5. O-O Bf5 6. d3 dxe3 7. Bxe3 Ng4 8.
Bd2 Nd4 9. Nc3 Nxf3+ 10. gxf3 Qd4+ 11. Kg2 Ne3+ 12. Bxe3 Qxe3 13. Qc1 Qe6 14.
Re1 O-O-O 15. a4 Qg6+ 16. Kh1 e6 17. Rg1 Qh6 18. Ne4 Bd6 19. Nxd6+ Rxd6 20. Qe3
Kb8 21. a5 a6 22. b4 Rhd8 23. Rab1 Rd4 24. b5 axb5 25. Rxb5 Qxf4 26. Qxf4 Rxf4
27. Rgb1 Re8 28. Rxb7+ Ka8 29. c4 Rxc4 30. dxc4 Bxb1 31. Rxb1 c5 32. f4 Rb8 33.
Rb5 Ka7 34. Kg2 Rc8 35. Bf3 Rc7 36. Kg3 h6 37. Kg4 g6 38. h4 f5+ 39. Kg3 h5 40.
Rb6 Re7 41. Rc6 Kb7 42. Rxc5+ Ka6 43. Bc6 Ka7 44. Kf3 g5 45. fxg5 e5 46. Ke3
f4+ 47. Ke4 Rf7 48. Kxe5 f3 49. Bxf3 Rxf3 50. g6 Kb7 51. Ke6 Re3+ 52. Re5 Rg3
53. Kf6 Kc7 54. Rxh5 Kd7 55. Rf5 Ke8 56. g7 Rg4 57. h5 1-0

[Event "Amagermesterskabet Gruppe 3 2014"]
[Site "Sundbyoster"]
[Date "2014.08.26"]
[Round "2"]
[White "Andersen, Peter"]
[Black "Svensson, John Michael"]
[Result "1-0"]
[WhiteElo "1377"]
[BlackElo "1285"]
[PlyCount "108"]
[EventDate "2014.??.??"]

1. d4 Nf6 2. c4 e6 3. Nc3 c5 4. d5 d6 5. e4 e5 6. Nf3 Bg4 7. h3 Bh5 8. Be2 Be7
9. O-O O-O 10. Be3 Na6 11. Nd2 Bxe2 12. Qxe2 Kh8 13. f4 Nd7 14. f5 Nc7 15. g4
Rg8 16. Kh2 a6 17. a4 Ne8 18. Rf2 Bh4 19. Rg2 g5 20. Nf3 f6 21. Nxh4 gxh4 22.
Qf2 Qe7 23. Qxh4 Nb6 24. b3 Qf7 25. Rag1 Ng7 26. Bh6 Nd7 27. Ne2 Ne8 28. Ng3 b5
29. Rb1 Nc7 30. Nh5 Rab8 31. cxb5 axb5 32. Rgb2 bxa4 33. bxa4 Rxb2+ 34. Rxb2
Rb8 35. Rxb8+ Nxb8 36. Qxf6+ Qxf6 37. Nxf6 c4 38. Bd2 Nba6 39. Nd7 Kg8 40. f6
Kf7 41. g5 Ke8 42. Nb6 Nc5 43. Nxc4 Nxe4 44. h4 Nxd5 45. Bb4 Nxb4 46. a5 d5 47.
Nxe5 d4 48. Kg2 d3 49. Nxd3 Nxg5 50. hxg5 Nd5 51. Kg3 Nc7 52. Kg4 Kf7 53. Kh5
Kg8 54. Kh6 Na8 1-0

[Event "Amagermesterskabet Gruppe 3 2014"]
[Site "Sundbyoster"]
[Date "2014.08.26"]
[Round "2"]
[White "Brorsen, Kristian"]
[Black "Kinch, Peder"]
[Result "0-1"]
[WhiteElo "1407"]
[BlackElo "1269"]
[PlyCount "58"]
[EventDate "2014.??.??"]

1. d4 Nf6 2. Nc3 b6 3. Bf4 Bb7 4. e3 e6 5. Nb5 d6 6. Nf3 Nd5 7. Bg3 a6 8. e4
Nf6 9. e5 Nd5 10. c4 axb5 11. cxd5 Bxd5 12. exd6 Bxd6 13. Bxb5+ c6 14. Bxd6
Qxd6 15. Bd3 Qb4+ 16. Qd2 Qxd2+ 17. Kxd2 Rxa2 18. Kc2 Rxa1 19. Rxa1 O-O 20. Re1
Bxf3 21. gxf3 Nd7 22. Be4 Rc8 23. Kd2 c5 24. Rc1 f5 25. Bb1 Nf6 26. Ba2 Nd5 27.
dxc5 bxc5 28. Re1 Kf7 29. Kd3 Nb4+ 0-1

[Event "Amagermesterskabet Gruppe 3 2014"]
[Site "Sundbyoster"]
[Date "2014.09.02"]
[Round "3"]
[White "Furberg, Jacob Kjaerulff"]
[Black "Jensen, Jonbert"]
[Result "1/2-1/2"]
[WhiteElo "1313"]
[BlackElo "1349"]
[PlyCount "96"]
[EventDate "2014.??.??"]

1. e4 e5 2. f4 exf4 3. Nf3 d6 4. d3 Qf6 5. Nc3 c6 6. h4 Bg4 7. Qd2 Bxf3 8. gxf3
Nd7 9. Qxf4 g6 10. Bh3 h5 11. Be3 Bh6 12. Qxf6 Ngxf6 13. Bg5 Bxg5 14. hxg5 Ng8
15. f4 Ne7 16. O-O Rf8 17. e5 d5 18. Rae1 Nc5 19. b4 Ne6 20. Na4 O-O-O 21. Nc5
Nf5 22. a4 Nxc5 23. bxc5 Kc7 24. e6 Rde8 25. Bxf5 gxf5 26. e7 Rg8 27. Re5 Kd7
28. Rfe1 b6 29. cxb6 axb6 30. Rxf5 Rxe7 31. Rxe7+ Kxe7 32. Rf6 b5 33. Rxc6 bxa4
34. Ra6 Rc8 35. Rxa4 Rxc2 36. Ra5 Ke6 37. Ra6+ Ke7 38. Ra3 Ke6 39. Ra6+ Ke7 40.
f5 Rc8 41. Kf2 Rg8 42. Ra7+ Kd6 43. Ra6+ Ke5 44. g6 fxg6 45. fxg6 Kf5 46. Ke3
Rxg6 47. Ra8 Rg3+ 48. Kd4 h4 1/2-1/2

[Event "Amagermesterskabet Gruppe 3 2014"]
[Site "Sundbyoster"]
[Date "2014.09.02"]
[Round "3"]
[White "Mathiesen, Bjarne"]
[Black "Brorsen, Kristian"]
[Result "0-1"]
[WhiteElo "1417"]
[BlackElo "1407"]
[PlyCount "64"]
[EventDate "2014.??.??"]

1. e4 e5 2. Nf3 Bc5 3. Bc4 Nc6 4. c3 Nf6 5. d3 Na5 6. Qa4 Nxc4 7. Qxc4 d6 8.
O-O Be6 9. Qa4+ c6 10. Qc2 h6 11. b4 Bb6 12. a4 a5 13. Qe2 axb4 14. cxb4 d5 15.
Nxe5 Qd6 16. exd5 Nxd5 17. Nc4 Qxb4 18. Bd2 Qe7 19. Nc3 Bd4 20. Nxd5 cxd5 21.
Rab1 dxc4 22. dxc4 Rxa4 23. Qe4 Rxc4 24. Qf4 O-O 25. Qg3 Qf6 26. Rxb7 Be5 27.
f4 Bd4+ 28. Kh1 Rfc8 29. h3 Rc2 30. Be3 Bxe3 31. Qxe3 Bd5 32. Rf2 Rxf2 0-1

[Event "Amagermesterskabet Gruppe 3 2014"]
[Site "Sundbyoster"]
[Date "2014.09.02"]
[Round "3"]
[White "Kinch, Peder"]
[Black "Andersen, Peter"]
[Result "1-0"]
[WhiteElo "1269"]
[BlackElo "1377"]
[PlyCount "85"]
[EventDate "2014.??.??"]

1. f4 d5 2. Nf3 c5 3. b3 Nc6 4. Bb2 Bf5 5. e3 Nf6 6. Na3 e6 7. c4 Be7 8. cxd5
exd5 9. Nc2 a6 10. Rc1 b5 11. Be2 O-O 12. O-O Qc7 13. d4 Ng4 14. Qd2 c4 15.
bxc4 bxc4 16. h3 Nf6 17. Ne5 Ne4 18. Qe1 Rab8 19. Ba1 h6 20. g4 Bh7 21. Bf3 f5
22. Kh2 Nxe5 23. dxe5 Bc5 24. Nd4 Bxd4 25. Bxd4 Rfc8 26. Bxe4 fxe4 27. Qc3 Bg6
28. f5 Be8 29. Kg2 Qe7 30. f6 gxf6 31. Rxf6 Rc6 32. Rcf1 Kh7 33. h4 Rxf6 34.
Rxf6 Bb5 35. Qd2 Rf8 36. Qf2 Rxf6 37. exf6 Qf7 38. Qf5+ Kg8 39. h5 Bd7 40. Qg6+
Qxg6 41. hxg6 Bxg4 42. f7+ Kf8 43. Bc5+ 1-0

[Event "Amagermesterskabet Gruppe 3 2014"]
[Site "Sundbyoster"]
[Date "2014.09.02"]
[Round "3"]
[White "Svensson, John Michael"]
[Black "Gade, Jens"]
[Result "1/2-1/2"]
[WhiteElo "1285"]
[BlackElo "1327"]
[PlyCount "76"]
[EventDate "2014.??.??"]

1. Nf3 Nf6 2. c4 e6 3. d4 d5 4. Nc3 dxc4 5. Qa4+ Bd7 6. Qxc4 Be7 7. e4 O-O 8.
Bd3 c6 9. e5 Nd5 10. Ne2 f5 11. exf6 Bxf6 12. O-O Qe7 13. Ne5 Bxe5 14. dxe5 Be8
15. Nf4 Nd7 16. Qe4 g6 17. Nxd5 cxd5 18. Qe2 Kh8 19. Bh6 Rg8 20. f4 Nc5 21. Bg5
Qf7 22. Bf6+ Rg7 23. Rac1 Nxd3 24. Qxd3 Bc6 25. Rc3 Qd7 26. Rfc1 Kg8 27. Bxg7
Qxg7 28. Qd4 Qd7 29. b3 a6 30. a4 Qf7 31. b4 Rf8 32. g3 Qf5 33. Re3 Bxa4 34.
Rc7 Bc6 35. Kg2 Qc2+ 36. Kh3 Qf5+ 37. Kg2 Qc2+ 38. Kg1 Qc1+ 1/2-1/2

[Event "Amagermesterskabet Gruppe 3 2014"]
[Site "Sundbyoster"]
[Date "2014.09.09"]
[Round "4"]
[White "Gade, Jens"]
[Black "Kinch, Peder"]
[Result "0-1"]
[WhiteElo "1327"]
[BlackElo "1269"]
[PlyCount "106"]
[EventDate "2014.??.??"]

1. e4 e5 2. Nf3 Nc6 3. Bb5 a6 4. Ba4 b5 5. Bb3 Nf6 6. O-O Bc5 7. Nc3 O-O 8. Re1
d6 9. h3 Bb7 10. d3 h6 11. Nd5 Nd4 12. Nxd4 Bxd4 13. c3 Bb6 14. Nxb6 cxb6 15.
Re3 Rc8 16. Rg3 Kh8 17. Be3 Nh7 18. Bxh6 gxh6 19. Qh5 Qf6 20. Rf3 Qg5 21. Bxf7
Qxh5 22. Bxh5 Rxf3 23. Bxf3 Ng5 24. Bg4 Re8 25. Rf1 Bc8 26. f3 Kg7 27. h4 Bxg4
28. fxg4 Ne6 29. g3 Rf8 30. Rf5 Rxf5 31. exf5 Nc5 32. d4 exd4 33. cxd4 Ne4 34.
Kg2 d5 35. Kf3 Kf6 36. Kf4 a5 37. g5+ hxg5+ 38. Kg4 gxh4 39. gxh4 Nd6 40. h5
Nxf5 41. Kf4 Nxd4 42. h6 Ne6+ 43. Ke3 Kg6 44. h7 Kxh7 45. Kd3 Kg6 46. a3 Kf5
47. Ke3 Ke5 48. Kd3 Nc5+ 49. Kc3 d4+ 50. Kc2 Ke4 51. b4 d3+ 52. Kd1 axb4 53.
axb4 Na6 0-1

[Event "Amagermesterskabet Gruppe 3 2014"]
[Site "Sundbyoster"]
[Date "2014.09.09"]
[Round "4"]
[White "Furberg, Jacob Kjaerulff"]
[Black "Svensson, John Michael"]
[Result "1-0"]
[WhiteElo "1313"]
[BlackElo "1285"]
[PlyCount "49"]
[EventDate "2014.??.??"]

1. e4 c5 2. Nf3 d6 3. Bc4 e6 4. Nc3 a6 5. a4 Be7 6. d4 cxd4 7. Nxd4 Nc6 8. f4
Qb6 9. Nce2 Qb4+ 10. Nc3 Qxc4 11. Nb3 Nf6 12. a5 Na7 13. e5 dxe5 14. fxe5 Nd7
15. Ra4 Bb4 16. Bd2 Nc5 17. Nxc5 Qxc5 18. Ne4 Bxd2+ 19. Qxd2 Qxe5 20. O-O Bd7
21. Nd6+ Kd8 22. Nxf7+ Ke8 23. Nxe5 Bxa4 24. Qf4 Bxc2 25. Qf7+ 1-0

[Event "Amagermesterskabet Gruppe 3 2014"]
[Site "Sundbyoster"]
[Date "2014.09.09"]
[Round "4"]
[White "Andersen, Peter"]
[Black "Mathiesen, Bjarne"]
[Result "0-1"]
[WhiteElo "1377"]
[BlackElo "1417"]
[PlyCount "102"]
[EventDate "2014.??.??"]

1. d4 d5 2. Bf4 Bf5 3. Nf3 Nc6 4. e3 a6 5. c3 e6 6. Bd3 Bxd3 7. Qxd3 h6 8. Nbd2
Nf6 9. O-O Bd6 10. Bxd6 Qxd6 11. e4 dxe4 12. Nxe4 Nxe4 13. Qxe4 O-O 14. Rfe1
Rfe8 15. Rad1 Rad8 16. Ne5 Nxe5 17. Qxe5 Rd7 18. f4 Qxe5 19. dxe5 Red8 20. Rxd7
Rxd7 21. Kf2 Kf8 22. Ke3 Ke7 23. g4 c5 24. h4 g6 25. g5 h5 26. Re2 Rd1 27. Rh2
c4 28. Ke4 Kd7 29. Ke3 Rd3+ 30. Ke4 Kc6 31. a3 a5 32. a4 Kc5 33. Rh1 Rd2 34.
Rb1 b6 35. Ke3 Rh2 36. Rd1 Rxb2 37. Rd7 Rc2 38. Rc7+ Kd5 39. Rd7+ Kc6 40. Rxf7
Rxc3+ 41. Kd4 Rh3 42. Kxc4 Rxh4 43. Rf6 Kd7 44. Rxg6 Rxf4+ 45. Kb5 Rb4+ 46. Ka6
Rxa4 47. Kxb6 Re4 48. Rg7+ Ke8 49. g6 Kf8 50. Rh7 Rxe5 51. Ra7 Rg5 0-1

[Event "Amagermesterskabet Gruppe 3 2014"]
[Site "Sundbyoster"]
[Date "2014.09.23"]
[Round "5"]
[White "Kinch, Peder"]
[Black "Furberg, Jacob Kjaerulff"]
[Result "1-0"]
[WhiteElo "1269"]
[BlackElo "1313"]
[PlyCount "91"]
[EventDate "2014.??.??"]

1. f4 Nc6 2. Nf3 d5 3. e3 Bf5 4. b3 d4 5. d3 e6 6. e4 Bg4 7. Be2 Bd6 8. O-O Nh6
9. Na3 Bxf3 10. Bxf3 Qh4 11. g3 Qh3 12. Nc4 Bc5 13. a3 a5 14. Nd2 e5 15. Bg2
Qg4 16. Nf3 f5 17. Nxe5 Nxe5 18. fxe5 fxe4 19. Bxe4 Qxd1 20. Rxd1 Ng4 21. Bxb7
Ne3 22. Bxe3 dxe3 23. Kf1 Rf8+ 24. Kg2 Rf2+ 25. Kh3 Rb8 26. Bc6+ Ke7 27. d4 Rb6
28. Be4 Rh6+ 29. Kg4 Bb6 30. c4 c5 31. d5 Rhxh2 32. Rh1 h5+ 33. Kg5 Bd8 34.
Rxh2 Rxh2 35. Re1 Kf7+ 36. Kf4 e2 37. Bf3 g5+ 38. Ke4 g4 39. Bxe2 h4 40. Bxg4
hxg3 41. Rf1+ Rf2 42. Rxf2+ gxf2 43. Bh3 Ke7 44. d6+ Ke8 45. Kd5 Bb6 46. Kc6
1-0

[Event "Amagermesterskabet Gruppe 3 2014"]
[Site "Sundbyoster"]
[Date "2014.09.23"]
[Round "5"]
[White "Svensson, John Michael"]
[Black "Jensen, Jonbert"]
[Result "1/2-1/2"]
[WhiteElo "1285"]
[BlackElo "1349"]
[PlyCount "92"]
[EventDate "2014.??.??"]

1. d4 d5 2. Nf3 Nf6 3. Nc3 Nc6 4. Bf4 Ne4 5. Nb5 Nd6 6. Nxd6+ cxd6 7. c3 Qc7 8.
Qb3 e6 9. e3 Be7 10. Be2 O-O 11. Qc2 e5 12. Bg5 e4 13. Bxe7 Nxe7 14. Nd2 Bf5
15. Nf1 a6 16. Ng3 Bg6 17. h4 h6 18. Bg4 f5 19. Bh5 f4 20. Bxg6 fxg3 21. Bh5
Rxf2 22. Qb3 Raf8 23. Rg1 Qc6 24. O-O-O Nf5 25. Rde1 Nxh4 26. Bg4 R8f6 27. Bh3
b5 28. a3 a5 29. Kb1 Nf5 30. Qd1 Qc4 31. Bg4 Qd3+ 32. Qxd3 exd3 33. Bf3 Ne7 34.
Rgf1 Re6 35. Rh1 d2 36. Rd1 Rxe3 37. Kc2 Re1 38. Rh5 Rxd1 39. Kxd1 Rf1+ 40.
Kxd2 Rf2+ 41. Kc1 Kf7 42. Rh4 Ke6 43. Rg4 Nf5 44. Rg6+ Kf7 45. Rg4 Ne3 46. Rxg3
Rc2+ 1/2-1/2

[Event "Amagermesterskabet Gruppe 3 2014"]
[Site "Sundbyoster"]
[Date "2014.09.23"]
[Round "5"]
[White "Mathiesen, Bjarne"]
[Black "Gade, Jens"]
[Result "1-0"]
[WhiteElo "1417"]
[BlackElo "1327"]
[PlyCount "49"]
[EventDate "2014.??.??"]

1. d4 d5 2. c4 dxc4 3. Nc3 Nf6 4. e4 e6 5. Bxc4 Be7 6. Nf3 O-O 7. Qc2 Nc6 8.
Be3 Ng4 9. Qe2 Nxe3 10. Qxe3 Nb4 11. Rc1 Bd7 12. O-O Rc8 13. a3 Nc6 14. Rfd1 a6
15. e5 b5 16. Ba2 b4 17. Ne4 bxa3 18. bxa3 Rb8 19. Rb1 Qe8 20. Qd3 Rxb1 21.
Bxb1 g6 22. Nf6+ Bxf6 23. exf6 Qd8 24. Ne5 Nxe5 25. dxe5 1-0

[Event "Amagermesterskabet Gruppe 3 2014"]
[Site "Sundbyoster"]
[Date "2014.09.23"]
[Round "5"]
[White "Brorsen, Kristian"]
[Black "Andersen, Peter"]
[Result "0-1"]
[WhiteElo "1407"]
[BlackElo "1377"]
[PlyCount "100"]
[EventDate "2014.??.??"]

1. d4 Nf6 2. g3 g6 3. Bg2 d5 4. Nf3 Bg7 5. Nc3 c6 6. O-O O-O 7. Re1 Nbd7 8. Na4
Re8 9. b3 Ne4 10. Qd3 e5 11. c4 exd4 12. cxd5 cxd5 13. Nxd4 Ne5 14. Qc2 Ng4 15.
Bb2 Ngxf2 16. h3 Nxh3+ 17. Kh2 Nhg5 18. Rad1 Be5 19. Rd3 Bd7 20. e3 Rc8 21. Qd1
Bxg3+ 22. Kg1 Bxe1 23. Qxe1 f5 24. Ne2 Bb5 25. Rd4 Rc2 26. Nec3 Nxc3 27. Bxc3
Bxa4 28. Bxd5+ Kf8 29. Bb4+ Kg7 30. bxa4 Qc7 31. Bd2 Ne6 32. Rd3 g5 33. Bb3 Rc5
34. e4 Nf4 35. Bc3+ Kg6 36. exf5+ Kxf5 37. Qxe8 Nxd3 38. Qe6+ Kf4 39. Bd2+ Kf3
40. Bd5+ Rxd5 41. Qxd5+ Ke2 42. Qg2+ Kd1 43. Bxg5 Qc5+ 44. Kh2 Qf2 45. Qxf2
Nxf2 46. Kg3 Ne4+ 47. Kf4 Nxg5 48. Kxg5 Kc2 49. Kh6 Kb2 50. Kxh7 Ka3 0-1

[Event "Amagermesterskabet Gruppe 3 2014"]
[Site "Sundbyoster"]
[Date "2014.09.30"]
[Round "6"]
[White "Svensson, John Michael"]
[Black "Kinch, Peder"]
[Result "1/2-1/2"]
[WhiteElo "1285"]
[BlackElo "1269"]
[PlyCount "104"]
[EventDate "2014.??.??"]

1. d4 Nf6 2. c4 b6 3. Nc3 Bb7 4. Qc2 d5 5. e3 e6 6. cxd5 exd5 7. Nf3 Bd6 8. Be2
Nbd7 9. O-O c5 10. Nb5 Qe7 11. Nxd6+ Qxd6 12. Bd2 c4 13. a3 O-O 14. Bb4 Qe6 15.
Bxf8 Rxf8 16. Ng5 Qd6 17. Nh3 b5 18. Nf4 Nb6 19. Rfe1 Re8 20. Bf3 Bc8 21. h3 g6
22. Qd2 Na4 23. Ne2 Ne4 24. Bxe4 Rxe4 25. Nc3 Nxc3 26. bxc3 Qf6 27. f4 Re7 28.
Qf2 Bf5 29. Ra2 a6 30. g4 Bd3 31. Qf3 Qd6 32. h4 f5 33. Kf2 h6 34. Raa1 Qe6 35.
g5 h5 36. Qd1 Qe4 37. Qc1 Bc2 38. Qb2 Bb3 39. Re2 Qe6 40. Qb1 Qe4 41. Qxe4 Rxe4
42. Rb2 Ba4 43. Rb4 Bb3 44. Ke2 Re6 45. Kd2 Rc6 46. Rb1 Ba4 47. R1b2 Bb3 48.
R4xb3 cxb3 49. Rxb3 Kf7 50. Rb4 Ke6 51. a4 Rc4 52. Rxc4 bxc4 1/2-1/2

[Event "Amagermesterskabet Gruppe 3 2014"]
[Site "Sundbyoster"]
[Date "2014.09.30"]
[Round "6"]
[White "Jensen, Jonbert"]
[Black "Andersen, Peter"]
[Result "0-1"]
[WhiteElo "1349"]
[BlackElo "1377"]
[PlyCount "80"]
[EventDate "2014.??.??"]

1. e4 c6 2. d4 d5 3. e5 Bf5 4. Bd3 Bg6 5. Nh3 e6 6. Bg5 Be7 7. f4 Bxd3 8. Qxd3
h6 9. Bxe7 Nxe7 10. O-O Na6 11. a3 c5 12. Qb5+ Qd7 13. Qxd7+ Kxd7 14. c3 Rac8
15. b4 cxd4 16. b5 Nc5 17. cxd4 Ne4 18. Nf2 Nxf2 19. Kxf2 Nf5 20. Rd1 Rc4 21.
g3 Nxd4 22. Nc3 Nc2 23. Nxd5 exd5 24. Rxd5+ Ke7 25. Rad1 Rc7 26. f5 Rhc8 27.
Rd6 Nxa3 28. e6 fxe6 29. Rxe6+ Kf7 30. Kg2 Nxb5 31. Rf1 Nd4 32. Rg6 Rc6 33. h4
Rxg6 34. fxg6+ Kxg6 35. Rf4 Ne6 36. Rf2 b5 37. g4 a5 38. Rf5 Nd4 39. h5+ Kh7
40. Rd5 Rc4 0-1

[Event "Amagermesterskabet Gruppe 3 2014"]
[Site "Sundbyoster"]
[Date "2014.09.30"]
[Round "6"]
[White "Gade, Jens"]
[Black "Brorsen, Kristian"]
[Result "1-0"]
[WhiteElo "1327"]
[BlackElo "1407"]
[PlyCount "115"]
[EventDate "2014.??.??"]

1. d4 g6 2. c4 Bg7 3. Nc3 Nc6 4. e3 Nf6 5. Nf3 O-O 6. Be2 e6 7. O-O d5 8. cxd5
Nxd5 9. Re1 b6 10. a3 Bb7 11. Qc2 Re8 12. e4 Nxc3 13. bxc3 e5 14. d5 Na5 15. c4
c6 16. Bg5 Qc7 17. Rac1 Rac8 18. Qb2 Qd7 19. Bd2 cxd5 20. cxd5 Rxc1 21. Rxc1
Rc8 22. Rxc8+ Bxc8 23. Bc3 f6 24. Bb5 Qg4 25. Nd2 Nb7 26. f3 Qf4 27. Nc4 Qh4
28. Qd2 Bf8 29. d6 Be6 30. Bb4 Nc5 31. Nb2 Nb3 32. Qd1 Nd4 33. Bc4 Kf7 34. d7
f5 35. Bxe6+ Nxe6 36. Bxf8 Kxf8 37. Nc4 fxe4 38. Qd6+ Qe7 39. fxe4 Qxd6 40.
Nxd6 Ke7 41. Nc8+ Kxd7 42. Nxa7 Nc5 43. Kf2 Nxe4+ 44. Ke3 Nc5 45. Nb5 Kc6 46.
Nc3 h6 47. g4 Ne6 48. Ke4 Kc5 49. Kxe5 Kc4 50. Kxe6 Kxc3 51. Kf6 Kb3 52. Kxg6
Kxa3 53. Kxh6 b5 54. g5 b4 55. g6 b3 56. g7 b2 57. g8=Q b1=Q 58. Qa8+ 1-0

[Event "Amagermesterskabet Gruppe 3 2014"]
[Site "Sundbyoster"]
[Date "2014.09.30"]
[Round "6"]
[White "Furberg, Jacob Kjaerulff"]
[Black "Mathiesen, Bjarne"]
[Result "0-1"]
[WhiteElo "1313"]
[BlackElo "1417"]
[PlyCount "82"]
[EventDate "2014.??.??"]

1. d4 d5 2. Nc3 Nf6 3. Bf4 a6 4. Qd3 e6 5. e4 dxe4 6. Nxe4 Nxe4 7. Qxe4 Bd6 8.
Nh3 Bxf4 9. Nxf4 Nd7 10. O-O-O Nf6 11. Qe5 Qd6 12. Qg5 O-O 13. Bd3 h6 14. Qh4
b5 15. Nh5 Nxh5 16. Qxh5 Bb7 17. f3 f5 18. Rhe1 Bd5 19. b3 Rf6 20. Re5 Raf8 21.
Be2 c5 22. Re3 Qf4 23. Rdd3 cxd4 24. g3 Qd6 25. Rxd4 Qa3+ 26. Kb1 Qa5 27. Bf1
Qb6 28. Red3 a5 29. g4 Bxf3 30. Rd6 Qf2 31. Bh3 Rc8 32. Rd8+ Rf8 33. Rxf8+ Kxf8
34. c3 Qe1+ 35. Kb2 Qe2+ 36. Ka3 Qxd3 37. Qg6 Qxc3 38. Bf1 b4+ 39. Ka4 Bc6+ 40.
Bb5 Bxb5+ 41. Kxb5 Qc5+ 0-1

[Event "Amagermesterskabet Gruppe 3 2014"]
[Site "Sundbyoster"]
[Date "2014.10.21"]
[Round "7"]
[White "Brorsen, Kristian"]
[Black "Furberg, Jacob Kjaerulff"]
[Result "0-1"]
[WhiteElo "1407"]
[BlackElo "1313"]
[PlyCount "64"]
[EventDate "2014.??.??"]

1. d4 d5 2. c4 dxc4 3. Bf4 Nc6 4. e3 e5 5. dxe5 Qxd1+ 6. Kxd1 Be6 7. Na3 Rd8+
8. Kc1 Bxa3 9. bxa3 Nge7 10. Nf3 Nd5 11. Bg3 Nc3 12. Kc2 Ne4 13. Bh4 f6 14.
exf6 gxf6 15. Rd1 Rxd1 16. Kxd1 Kf7 17. Kc2 Rd8 18. Bg3 Rd5 19. Bxc4 Rc5 20.
Kd3 Rxc4 21. Nd2 Nxd2 22. Kxd2 Ra4 23. Rb1 b6 24. Rc1 Bd5 25. f3 f5 26. Rc3 Rc4
27. Rd3 Ne7 28. Bh4 Rc5 29. Rd4 Nc6 30. Rf4 Ke6 31. Kd3 Ne5+ 32. Kd2 Ng6 0-1

[Event "Amagermesterskabet Gruppe 3 2014"]
[Site "Sundbyoster"]
[Date "2014.10.21"]
[Round "7"]
[White "Mathiesen, Bjarne"]
[Black "Svensson, John Michael"]
[Result "0-1"]
[WhiteElo "1417"]
[BlackElo "1285"]
[PlyCount "96"]
[EventDate "2014.??.??"]

1. d4 Nf6 2. c4 Nc6 3. Nf3 e6 4. Nc3 Bb4 5. Bd2 b6 6. e3 Bb7 7. a3 Be7 8. Bd3
d5 9. cxd5 Nxd5 10. Rc1 Nf6 11. h3 h6 12. Bb1 Ba6 13. b4 Bc4 14. Ne4 Nxe4 15.
Bxe4 Bd5 16. Qc2 Nb8 17. Bxd5 exd5 18. Qxc7 O-O 19. O-O Nd7 20. Qxd8 Rfxd8 21.
Rc7 Bd6 22. Rc6 Nf6 23. Rfc1 Ne4 24. Be1 Bf8 25. Rc7 Nd6 26. Nd2 Nb5 27. Nb1
Nxc7 28. Rxc7 Rdc8 29. Rxc8 Rxc8 30. Nc3 Rd8 31. f4 a5 32. bxa5 bxa5 33. Nb5 a4
34. Kf2 f5 35. Nc3 Bxa3 36. Nxa4 Kf7 37. Kf3 g6 38. g4 Rc8 39. Nb6 Rc1 40. Bf2
Ke6 41. gxf5+ gxf5 42. h4 Bb2 43. Na4 Ba3 44. Ke2 Rc4 45. Nb6 Rb4 46. Nc8 Rb8
47. Na7 Kd7 48. Be1 Rb2+ 0-1

[Event "Amagermesterskabet Gruppe 3 2014"]
[Site "Sundbyoster"]
[Date "2014.10.21"]
[Round "7"]
[White "Andersen, Peter"]
[Black "Gade, Jens"]
[Result "0-1"]
[WhiteElo "1377"]
[BlackElo "1327"]
[PlyCount "52"]
[EventDate "2014.??.??"]

1. d4 Nf6 2. c4 d5 3. Bf4 e6 4. e3 c5 5. cxd5 Nxd5 6. Bg3 cxd4 7. exd4 Bb4+ 8.
Nd2 O-O 9. a3 Bd6 10. Bxd6 Qxd6 11. Ngf3 Bd7 12. Be2 Nc6 13. Nc4 Qe7 14. O-O
Nf4 15. Re1 Nxe2+ 16. Qxe2 Qf6 17. Nce5 Nxe5 18. dxe5 Qg6 19. Nd4 Rfd8 20. Red1
h6 21. Rac1 Rac8 22. f4 Ba4 23. b3 Rxc1 24. Rxc1 Rxd4 25. bxa4 Rxf4 26. Qb5 Qe4
0-1